000 00450nam a2200169 i 4500
001 bg
245 0 _aPodstawy konstrukcji maszyn.
_nCz.1 /
_cpod red. E. Mazanka.
260 _aCzęstochowa,
_c1981.
650 9 _aMaszyny
_xbudowa i konstrukcje
655 _aPodręczniki akademickie
700 1 _aMazanek, Eugeniusz.
_eRed.
040 _cBPK
041 _apol
080 _a621(075.8)
942 _cKS
008 s pl f |000 0 pol
999 _c20072
_d20072
856 _uhttp://koha.tu.koszalin.pl/cgi-bin/koha/opac-detail.pl?biblionumber=20072
_yKatalog online BPK